000 00655nam a2200229Ia 4500
001 14010
003 GE_BSU
008 181216s||||||||xx |||||||||||||| ||und||
040 _cGE_BSU
080 _a621.30.1(075.32)
100 _aПопов,В.С.
245 _aТеоретическая Электротехника.
245 _bУчеб. для техникумов.
245 _cРед. Б.Я.Жуховицкий.
260 _aМ.
260 _bЭнергия.
260 _c1970.
300 _a608 стр. 21 см. с илл.
300 _eТабл.
653 _aТеоретическая Электротехника.
942 _cBK
999 _c47152
_d47152